Normal view
MARC view
- Innayatullah
Entry Personal Name
001 - CONTROL NUMBER
- control field: 98562
003 - CONTROL NUMBER IDENTIFIER
- control field: NUST
005 - DATE AND TIME OF LATEST TRANSACTION
- control field: 20220829100924.0
008 - FIXED-LENGTH DATA ELEMENTS
- fixed length control field: 220829|| aca||aabn | a|a d
040 ## - CATALOGING SOURCE
- Original cataloging agency: NUST
- Transcribing agency: NUST
100 ## - HEADING--PERSONAL NAME
- Personal name: Innayatullah
670 ## - SOURCE DATA FOUND
- Source citation: Work cat.: (NUST)13392: Innayatullah, Integration of ASM with event-B RODIN, 2015
